[Event "CFriend RH-2005-0-00027 email"]
[Site "Chessfriend.com"]
[Date "2005.06.15"]
[Round "1"]
[White "Dantas, Roberto"]
[Black "Ohl, Klaus"]
[Result "0-1"]
[WhiteElo "1848"]
[BlackElo "2127"]
[PlyCount "22"]
[EventDate "2005.06.15"]
[EventType "tourn (corr)"]
[EventRounds "6"]
[SourceTitle "Corr 2024"]
[Source "ChessBase"]
[SourceDate "2023.10.19"]
[SourceVersion "1"]
[SourceVersionDate "2023.10.19"]
[SourceQuality "1"]

1. e4 e5 2. Nf3 d6 3. d4 exd4 4. Nxd4 Nf6 5. Nc3 Be7 6. Bc4 0-0 7. 0-0 Re8 8. Bf4 Nbd7 9. Qf3 Ne5 10. Bxe5 dxe5 11. Nf5 Bxf5 0-1

[Event "CFriend RH-2005-0-00026 email"]
[Site "Chessfriend.com"]
[Date "2005.05.22"]
[Round "1"]
[White "Ohl, Klaus"]
[Black "Rudolf, Michal"]
[Result "1-0"]
[WhiteElo "2127"]
[BlackElo "2251"]
[PlyCount "111"]
[EventDate "2005.05.22"]
[EventType "tourn (corr)"]
[EventRounds "6"]
[SourceTitle "Corr 2008"]
[Source "ChessBase"]
[SourceDate "2008.06.24"]
[SourceVersion "1"]
[SourceVersionDate "2008.06.24"]
[SourceQuality "1"]

1. e4 e6 2. d4 d5 3. Nc3 Bb4 4. e5 c5 5. a3 Bxc3+ 6. bxc3 Ne7 7. Bd3 Nbc6 8. Qg4 c4 9. Be2 0-0 10. Bd2 f6 11. f4 Qb6 12. Nf3 Qb2 13. 0-0 Qxc2 14. exf6 Rxf6 15. Bd1 Qg6 16. Qxg6 Nxg6 17. g3 Bd7 18. Bc2 Nge7 19. Rfe1 h6 20. h3 Raf8 21. Re2 g6 22. Kg2 Kg7 23. a4 b6 24. Rf1 Rb8 25. Bc1 Rf7 26. Ba3 Ng8 27. Bd6 Rb7 28. g4 Nf6 29. Kg3 b5 30. Rb1 a6 31. Ne5 Nxe5 32. Bxe5 Kh7 33. h4 h5 34. gxh5 Nxh5+ 35. Kf3 Be8 36. axb5 axb5 37. Rg1 Rf8 38. Bd6 Rf6 39. Reg2 Ra7 40. Rg5 Kh6 41. Bb1 b4 42. Be5 Ra3 43. Bxf6 Rxc3+ 44. Ke2 Nxf6 45. Bxg6 Rc1 46. Rxc1 Bxg6 47. Rcg1 Be4 48. Rg7 Nh5 49. Rf7 b3 50. Rf8 Kh7 51. Rg5 Bg6 52. f5 exf5 53. Kd2 f4 54. Rxd5 Kg7 55. Rc8 Nf6 56. Rb5 1-0

[Event "CFriend RH-2005-0-00026 email"]
[Site "Chessfriend.com"]
[Date "2005.05.22"]
[Round "1"]
[White "Ohl, Klaus"]
[Black "Vuurboom, Jeroen"]
[Result "1/2-1/2"]
[WhiteElo "2127"]
[BlackElo "2000"]
[PlyCount "58"]
[EventDate "2005.05.22"]
[EventType "tourn (corr)"]
[EventRounds "6"]
[SourceTitle "Corr 2008"]
[Source "ChessBase"]
[SourceDate "2008.06.24"]
[SourceVersion "1"]
[SourceVersionDate "2008.06.24"]
[SourceQuality "1"]

1. e4 d5 2. exd5 Nf6 3. d4 Bg4 4. f3 Bf5 5. Bb5+ Nbd7 6. Nc3 a6 7. Bd3 Bxd3 8. Qxd3 Nb6 9. Nge2 Nfxd5 10. Ne4 Nb4 11. Qb3 e6 12. 0-0 Qd5 13. c3 Qxb3 14. axb3 Nc6 15. Re1 Be7 16. Bg5 Bd6 17. Nc1 h6 18. Bh4 Nd5 19. Nd3 g5 20. Bg3 Ke7 21. Bf2 b6 22. b4 b5 23. Ra2 a5 24. bxa5 Rxa5 25. Rxa5 Nxa5 26. Ra1 Nc4 27. Ra7 f5 28. Nxd6 Nxd6 29. Be1 Rb8 1/2-1/2

[Event "CFriend RH-2004-0-00020 email"]
[Site "Chessfriend.com"]
[Date "2004.12.15"]
[Round "1"]
[White "Ohl, Klaus"]
[Black "Petrov, Milen Stoyanov"]
[Result "1-0"]
[WhiteElo "2127"]
[BlackElo "2229"]
[PlyCount "65"]
[EventDate "2004.??.??"]
[EventType "tourn (corr)"]
[EventRounds "6"]
[SourceTitle "Corr 2008"]
[Source "ChessBase"]
[SourceDate "2008.06.24"]
[SourceVersion "1"]
[SourceVersionDate "2008.06.24"]
[SourceQuality "1"]

1. e4 e6 2. d4 d5 3. Nc3 Bb4 4. e5 c5 5. a3 Bxc3+ 6. bxc3 Ne7 7. Qg4 0-0 8. Bd3 Nbc6 9. Qh5 Ng6 10. Nf3 Qc7 11. Be3 c4 12. Bxg6 fxg6 13. Qh3 Qa5 14. Bd2 Qa4 15. Ra2 Bd7 16. 0-0 Rf5 17. Nh4 Rf7 18. Nf3 Rf5 19. Ng5 h6 20. Nf3 g5 21. Qg3 Be8 22. h4 g4 23. Nh2 h5 24. f3 Qa5 25. fxg4 hxg4 26. Rf4 Qb6 27. Ra1 Bh5 28. Nxg4 Rxf4 29. Nh6+ Kh7 30. Qxf4 Qb2 31. Rf1 Qxc2 32. g4 Bg6 33. h5 1-0

[Event "CFriend RH-2004-0-00020 email"]
[Site "Chessfriend.com"]
[Date "2004.12.15"]
[Round "1"]
[White "Sobirey, Michael"]
[Black "Ohl, Klaus"]
[Result "0-1"]
[WhiteElo "2139"]
[BlackElo "2127"]
[PlyCount "58"]
[EventDate "2004.??.??"]
[EventType "tourn (corr)"]
[EventRounds "6"]
[SourceTitle "Corr 2008"]
[Source "ChessBase"]
[SourceDate "2008.06.24"]
[SourceVersion "1"]
[SourceVersionDate "2008.06.24"]
[SourceQuality "1"]

1. e4 c5 2. Nf3 d6 3. d4 cxd4 4. Nxd4 Nf6 5. Nc3 a6 6. Rg1 g6 7. g4 Bg7 8. Be3 0-0 9. g5 Nfd7 10. h4 Nc6 11. f3 Qa5 12. Qd2 Bxd4 13. Bxd4 Nde5 14. Be2 Nxd4 15. Qxd4 Be6 16. a3 Bc4 17. h5 Bxe2 18. Kxe2 Nc6 19. Qe3 e6 20. Rh1 Rae8 21. Kd1 d5 22. exd5 exd5 23. Qf2 Qc7 24. f4 Qd6 25. Kd2 d4 26. Ne2 Re3 27. Rae1 Na5 28. hxg6 Nc4+ 29. Kc1 Rxa3 0-1

[Event "CFriend RH-2004-0-00020 email"]
[Site "Chessfriend.com"]
[Date "2004.12.15"]
[Round "1"]
[White "Souza, Marco Andre"]
[Black "Ohl, Klaus"]
[Result "1/2-1/2"]
[WhiteElo "2019"]
[BlackElo "2127"]
[PlyCount "84"]
[EventDate "2004.??.??"]
[EventType "tourn (corr)"]
[EventRounds "6"]
[SourceTitle "Corr 2024"]
[Source "ChessBase"]
[SourceDate "2023.10.19"]
[SourceVersion "1"]
[SourceVersionDate "2023.10.19"]
[SourceQuality "1"]

1. e4 c5 2. Nf3 d6 3. d4 cxd4 4. c3 dxc3 5. Nxc3 Nc6 6. Bc4 e6 7. 0-0 Nf6 8. Qe2 Be7 9. Rd1 e5 10. h3 0-0 11. Be3 Be6 12. Bxe6 fxe6 13. b4 Nxb4 14. Qb2 Nc6 15. Qxb7 Qc8 16. Qb2 Qd7 17. Rac1 Rab8 18. Qd2 a5 19. Bg5 Kh8 20. Bxf6 Rxf6 21. a4 Rxf3 22. gxf3 Nd4 23. Qd3 Rf8 24. f4 Rxf4 25. Nb5 Nf3+ 26. Kg2 d5 27. Rc7 Qe8 28. exd5 exd5 29. Nc3 Nh4+ 30. Kf1 e4 31. Qe2 Bd6 32. Nxd5 Rf8 33. Rc4 Bg3 34. f4 Bxf4 35. Kg1 Bd6 36. Rxe4 Bc5+ 37. Kh1 Qb8 38. Rxh4 Rf2 39. Rxh7+ Kxh7 40. Qh5+ Kg8 41. Nf6+ Rxf6 42. Qxc5 Qf4 1/2-1/2

[Event "CFriend RH-2004-0-00019 email"]
[Site "Chessfriend.com"]
[Date "2004.11.20"]
[Round "1"]
[White "Ohl, Klaus"]
[Black "Koch, Christian"]
[Result "1-0"]
[WhiteElo "2127"]
[BlackElo "2239"]
[PlyCount "69"]
[EventDate "2004.??.??"]
[EventType "tourn (corr)"]
[EventRounds "6"]
[SourceTitle "Corr 2008"]
[Source "ChessBase"]
[SourceDate "2008.06.24"]
[SourceVersion "1"]
[SourceVersionDate "2008.06.24"]
[SourceQuality "1"]

1. Nf3 Nf6 2. c4 e6 3. g3 a6 4. Bg2 b5 5. b3 Bb7 6. 0-0 c5 7. Nc3 Qb6 8. Re1 d6 9. e4 Nc6 10. a4 b4 11. Nd5 exd5 12. exd5+ Ne7 13. d4 cxd4 14. a5 Qc7 15. Qd2 d3 16. Qxd3 Nd7 17. Bd2 g6 18. Bxb4 Bg7 19. Bc3 Bxc3 20. Qxc3 f6 21. Ng5 Rg8 22. Ne6 Qb8 23. c5 Kf7 24. c6 Ne5 25. cxb7 Qxb7 26. Qd2 Nf5 27. Be4 Rac8 28. Rad1 Rge8 29. f4 Ng4 30. Bxf5 gxf5 31. b4 Kg6 32. h3 Qa7+ 33. Kg2 Nh6 34. g4 Rg8 35. Kh1 1-0

[Event "CFriend RH-2004-0-00018 email"]
[Site "Chessfriend.com"]
[Date "2004.09.29"]
[Round "1"]
[White "Ohl, Klaus"]
[Black "Ben Jazia, Bessem"]
[Result "1-0"]
[WhiteElo "2127"]
[BlackElo "1930"]
[PlyCount "85"]
[EventDate "2004.??.??"]
[EventType "tourn (corr)"]
[EventRounds "6"]
[SourceTitle "Corr 2008"]
[Source "ChessBase"]
[SourceDate "2008.06.24"]
[SourceVersion "1"]
[SourceVersionDate "2008.06.24"]
[SourceQuality "1"]

1. d4 Nf6 2. c4 e6 3. Nf3 b6 4. g3 Bb7 5. Bg2 Be7 6. 0-0 0-0 7. Nc3 d5 8. cxd5 Nxd5 9. Nxd5 Bxd5 10. Qc2 Nc6 11. e4 Nb4 12. Qb1 Bc4 13. Rd1 Be2 14. Rd2 Bxf3 15. Bxf3 Qd7 16. d5 exd5 17. exd5 Bg5 18. Rd1 Bxc1 19. Qxc1 Qd6 20. a3 Na6 21. Qc2 Rae8 22. Rac1 Re7 23. b4 Rfe8 24. Qa4 Nb8 25. Qxa7 Qf6 26. Kg2 Qd6 27. Re1 Rxe1 28. Rxe1 Rxe1 29. Qxb8+ Qf8 30. Qxc7 h6 31. d6 Re8 32. a4 Rd8 33. d7 f5 34. a5 Qe7 35. Bc6 bxa5 36. bxa5 f4 37. a6 f3+ 38. Kxf3 Rf8+ 39. Kg2 Qf6 40. Bd5+ Kh7 41. Be4+ Kh8 42. Qc5 Rd8 43. a7 1-0

[Event "CFriend RH-2004-0-00018 email"]
[Site "Chessfriend.com"]
[Date "2004.09.29"]
[Round "1"]
[White "Ohl, Klaus"]
[Black "Majer, Damir"]
[Result "1-0"]
[WhiteElo "2127"]
[BlackElo "2059"]
[PlyCount "83"]
[EventDate "2004.??.??"]
[EventType "tourn (corr)"]
[EventRounds "6"]
[SourceTitle "Corr 2008"]
[Source "ChessBase"]
[SourceDate "2008.06.24"]
[SourceVersion "1"]
[SourceVersionDate "2008.06.24"]
[SourceQuality "1"]

1. d4 Nf6 2. c4 e6 3. Nf3 b6 4. g3 Ba6 5. Nbd2 Bb4 6. Qc2 Bb7 7. Bg2 Be4 8. Qb3 Bxd2+ 9. Bxd2 0-0 10. 0-0 d6 11. Rfd1 Nbd7 12. Rac1 Re8 13. Bh3 Qe7 14. Qe3 a5 15. Bc3 a4 16. Ne5 Bb7 17. Nxd7 Nxd7 18. Bd2 c5 19. Bc3 d5 20. Bg2 Nf6 21. dxc5 bxc5 22. Bxf6 Qxf6 23. Qa3 Qe7 24. cxd5 exd5 25. e3 d4 26. exd4 Bxg2 27. Kxg2 Qe4+ 28. Qf3 cxd4 29. Qxe4 Rxe4 30. Rc4 a3 31. b4 Re2 32. Rcxd4 g6 33. R1d2 Rxd2 34. Rxd2 Rc8 35. Rd3 Rb8 36. Rb3 Kg7 37. Kf3 Kf6 38. Ke4 Ke6 39. b5 Kd6 40. Kd4 f5 41. Kc4 g5 42. Rxa3 1-0

[Event "CFriend RH-2004-0-00018 email"]
[Site "Chessfriend.com"]
[Date "2004.09.29"]
[Round "1"]
[White "Rudolf, Michal"]
[Black "Ohl, Klaus"]
[Result "1-0"]
[WhiteElo "2251"]
[BlackElo "2127"]
[PlyCount "87"]
[EventDate "2004.??.??"]
[EventType "tourn (corr)"]
[EventRounds "6"]
[SourceTitle "Corr 2008"]
[Source "ChessBase"]
[SourceDate "2008.06.24"]
[SourceVersion "1"]
[SourceVersionDate "2008.06.24"]
[SourceQuality "1"]

1. e4 c5 2. Nf3 d6 3. d4 cxd4 4. Nxd4 Nf6 5. Nc3 a6 6. h3 e6 7. g4 b5 8. Bg2 Bb7 9. g5 Nfd7 10. f4 Be7 11. 0-0 Nc6 12. Be3 0-0 13. a3 Rc8 14. Nce2 Nc5 15. Nxc6 Bxc6 16. Nc3 f6 17. h4 Qc7 18. Bh3 Kh8 19. Bxc5 dxc5 20. Bxe6 Rce8 21. Qg4 c4 22. Rad1 Bd6 23. Nd5 Bxd5 24. Bxd5 fxg5 25. fxg5 Bc5+ 26. Kg2 Qe5 27. c3 Bd6 28. Qh3 Rf4 29. Rxf4 Qxf4 30. Rf1 Qe5 31. Rf5 Qe7 32. Qf3 Rd8 33. g6 h6 34. Qf2 Rb8 35. Rf7 Qe5 36. Kh3 Rc8 37. Rf5 Qe8 38. Qg1 Rb8 39. Qa7 a5 40. h5 b4 41. axb4 axb4 42. Qd4 bxc3 43. bxc3 Qd7 44. Bxc4 1-0

[Event "CFriend RI-2004-0-00026 email"]
[Site "Chessfriend.com"]
[Date "2004.08.21"]
[Round "1"]
[White "Heesen, Jos HW"]
[Black "Ohl, Klaus"]
[Result "0-1"]
[WhiteElo "1883"]
[BlackElo "2127"]
[PlyCount "104"]
[EventDate "2004.??.??"]
[EventType "tourn (corr)"]
[EventRounds "6"]
[SourceTitle "Corr 2008"]
[Source "ChessBase"]
[SourceDate "2008.06.24"]
[SourceVersion "1"]
[SourceVersionDate "2008.06.24"]
[SourceQuality "1"]

1. Nc3 d5 2. e4 e6 3. d4 Bb4 4. e5 c5 5. a3 Bxc3+ 6. bxc3 Ne7 7. Qg4 0-0 8. Bd3 Nbc6 9. Bg5 Qa5 10. Ne2 Ng6 11. 0-0 Qa4 12. f4 c4 13. Bxg6 fxg6 14. Ra2 Bd7 15. h4 Rf7 16. h5 gxh5 17. Qxh5 Raf8 18. Qg4 Qb5 19. Kh2 Qa6 20. Rh1 Qb6 21. Kg3 Rf5 22. Raa1 Be8 23. Rab1 Qa6 24. Kf2 Bg6 25. Ng3 Qxa3 26. Nxf5 Bxf5 27. Qg3 Rf7 28. Rhc1 b5 29. Qe3 Qa6 30. Rb2 Qb6 31. Ra1 b4 32. Kg1 b3 33. cxb3 cxb3 34. Qe2 h6 35. Bh4 Na5 36. Rxa5 Qxa5 37. Rxb3 Be4 38. Rb8+ Kh7 39. Qd2 Qa4 40. Be1 Qc4 41. Rb4 Qc6 42. Rb2 a5 43. Ra2 a4 44. Qd1 Ra7 45. Ra3 Qb5 46. Qd2 Qb1 47. Kh2 Kh8 48. Bf2 Rb7 49. Ra2 Qb3 50. Be1 a3 51. f5 Bxf5 52. Qe2 Bd3 0-1

[Event "CFriend RI-2004-0-00026 email"]
[Site "Chessfriend.com"]
[Date "2004.08.21"]
[Round "1"]
[White "Ohl, Klaus"]
[Black "Holmberg, Per Arne"]
[Result "1/2-1/2"]
[WhiteElo "2127"]
[BlackElo "1942"]
[PlyCount "71"]
[EventDate "2004.??.??"]
[EventType "tourn (corr)"]
[EventRounds "6"]
[SourceTitle "Corr 2008"]
[Source "ChessBase"]
[SourceDate "2008.06.24"]
[SourceVersion "1"]
[SourceVersionDate "2008.06.24"]
[SourceQuality "1"]

1. Nf3 d5 2. d4 Nf6 3. c4 dxc4 4. e3 Bg4 5. Bxc4 e6 6. h3 Bh5 7. Qb3 b6 8. Ne5 Nfd7 9. Bb5 c6 10. Nxc6 Nxc6 11. Bxc6 Rc8 12. Qb5 Qc7 13. Qxh5 Qxc6 14. 0-0 Nf6 15. Qe2 Bd6 16. Rd1 0-0 17. Nc3 Ne4 18. Bd2 Nxc3 19. Bxc3 Qc4 20. Qxc4 Rxc4 21. d5 e5 22. f3 f5 23. Kf1 b5 24. Ke2 b4 25. Be1 Rfc8 26. a3 Rc2+ 27. Rd2 b3 28. g4 g6 29. Kd3 Kf7 30. e4 f4 31. Rad1 R2c4 32. Bf2 a5 33. Bb6 a4 34. Rf1 Be7 35. Rfd1 Bd6 36. Ba7 1/2-1/2

[Event "CFriend RI-2004-0-00026 email"]
[Site "Chessfriend.com"]
[Date "2004.08.21"]
[Round "1"]
[White "Ohl, Klaus"]
[Black "Starace, Umberto"]
[Result "1/2-1/2"]
[WhiteElo "2127"]
[BlackElo "1960"]
[PlyCount "76"]
[EventDate "2004.??.??"]
[EventType "tourn (corr)"]
[EventRounds "6"]
[SourceTitle "Corr 2008"]
[Source "ChessBase"]
[SourceDate "2008.06.24"]
[SourceVersion "1"]
[SourceVersionDate "2008.06.24"]
[SourceQuality "1"]

1. Nf3 d5 2. d4 Nf6 3. c4 e6 4. Nc3 Be7 5. Bg5 h6 6. Bh4 0-0 7. e3 b6 8. Be2 dxc4 9. Bxc4 Bb7 10. 0-0 Nbd7 11. Rc1 c5 12. Qe2 a6 13. a4 cxd4 14. exd4 Nh5 15. Bxe7 Qxe7 16. Qe3 Qd6 17. b3 Nf4 18. Ne4 Bxe4 19. Qxe4 Nf6 20. Qe5 Rfd8 21. Rfd1 Ng6 22. Qxd6 Rxd6 23. Ne5 Ne7 24. Bd3 Nfd5 25. g3 f6 26. Nc4 Rc6 27. Ne3 Nc3 28. Re1 b5 29. d5 exd5 30. Nc2 Rc7 31. Nd4 b4 32. Re6 a5 33. Kg2 Kf7 34. Rce1 h5 35. f3 Raa7 36. h4 Rc5 37. Rd6 Rc8 38. Kf1 Rcc7 1/2-1/2

[Event "CFriend RI-2004-0-00025 email"]
[Site "Chessfriend.com"]
[Date "2004.08.02"]
[Round "1"]
[White "Ohl, Klaus"]
[Black "Farnik, Kym"]
[Result "1-0"]
[WhiteElo "2127"]
[BlackElo "1827"]
[PlyCount "107"]
[EventDate "2004.??.??"]
[EventType "tourn (corr)"]
[EventRounds "6"]
[SourceTitle "Corr 2008"]
[Source "ChessBase"]
[SourceDate "2008.06.24"]
[SourceVersion "1"]
[SourceVersionDate "2008.06.24"]
[SourceQuality "1"]

1. Nf3 Nf6 2. c4 c5 3. Nc3 e6 4. g3 d5 5. cxd5 exd5 6. d4 Nc6 7. Bg2 Be7 8. 0-0 0-0 9. dxc5 Bxc5 10. Bg5 d4 11. Bxf6 Qxf6 12. Nd5 Qd6 13. Nd2 Be6 14. Nf4 Rac8 15. Ne4 Qe7 16. Nxe6 fxe6 17. Nxc5 Qxc5 18. Qb3 Qe5 19. Qxb7 Rc7 20. Qb3 Rb8 21. Qa4 Ne7 22. Rfc1 Rxc1+ 23. Rxc1 Qxe2 24. Qxd4 Qxb2 25. Qxb2 Rxb2 26. Rc7 Rb1+ 27. Bf1 Kf8 28. Rxa7 Nc6 29. Ra6 Nd4 30. Kg2 Ra1 31. Ra4 e5 32. Bc4 Ke7 33. h4 Rc1 34. Ra7+ Kf6 35. Bg8 h5 36. Bd5 Rc5 37. Be4 Ne6 38. Ra6 Ke7 39. Bg6 Nc7 40. Ra7 Kf6 41. Bxh5 e4 42. Bd1 Nb5 43. Ra6+ Ke5 44. a4 Nc3 45. Bb3 Rc7 46. a5 Nb5 47. Rb6 Nd4 48. a6 Ra7 49. Bc4 Rc7 50. Bf1 Kd5 51. Rb7 Kc6 52. Rxc7+ Kxc7 53. g4 Kb6 54. Kg3 1-0

[Event "CFriend RI-2004-0-00025 email"]
[Site "Chessfriend.com"]
[Date "2004.08.02"]
[Round "1"]
[White "Ohl, Klaus"]
[Black "Makeyev, Alexey"]
[Result "1-0"]
[WhiteElo "2127"]
[BlackElo "1915"]
[PlyCount "71"]
[EventDate "2004.??.??"]
[EventType "tourn (corr)"]
[EventRounds "6"]
[SourceTitle "Corr 2024"]
[Source "ChessBase"]
[SourceDate "2023.10.19"]
[SourceVersion "1"]
[SourceVersionDate "2023.10.19"]
[SourceQuality "1"]

1. Nf3 Nf6 2. c4 g6 3. d4 Bg7 4. Nc3 0-0 5. e4 d6 6. Be2 c5 7. 0-0 cxd4 8. Nxd4 Nc6 9. Be3 Bd7 10. Qd2 Ne5 11. f3 Rc8 12. b3 a6 13. Nd5 Re8 14. Rac1 Rb8 15. Rfd1 Rc8 16. Qb4 Nxd5 17. cxd5 Rxc1 18. Rxc1 Bc8 19. Ne6 Bxe6 20. dxe6 Qb8 21. f4 Nc6 22. exf7+ Kxf7 23. Qd2 Nd8 24. f5 Be5 25. Qe1 Kg7 26. Qh4 Nf7 27. Bc4 Bf6 28. Qh3 Ng5 29. Qg4 Nf7 30. Bd5 Rc8 31. Rf1 Ne5 32. Qh3 g5 33. Qh5 b5 34. Be6 Rf8 35. Bxg5 Qa7+ 36. Kh1 1-0

[Event "CFriend AT-2004-0-00057 email"]
[Site "Chessfriend.com"]
[Date "2004.05.25"]
[Round "?"]
[White "O'Brien, Andrew"]
[Black "Ohl, Klaus"]
[Result "0-1"]
[WhiteElo "1870"]
[BlackElo "1800"]
[PlyCount "70"]
[EventDate "2004.??.??"]
[EventType "tourn (corr)"]
[EventRounds "2"]
[SourceTitle "Corr 2008"]
[Source "ChessBase"]
[SourceDate "2008.06.24"]
[SourceVersion "1"]
[SourceVersionDate "2008.06.24"]
[SourceQuality "1"]

1. e4 c5 2. Nf3 d6 3. d4 cxd4 4. Nxd4 Nf6 5. Nc3 a6 6. Be2 e5 7. Nb3 Be7 8. Be3 0-0 9. 0-0 Be6 10. Nd5 Nbd7 11. Qd3 Bxd5 12. exd5 Nc5 13. Nxc5 dxc5 14. Bf3 Qc7 15. c4 Bd6 16. h3 Rae8 17. Be2 e4 18. Qb3 Nd7 19. Rad1 f5 20. Bd2 Nf6 21. g3 e3 22. Bxe3 Bxg3 23. Bf3 Bh2+ 24. Kh1 Ne4 25. Rfe1 Bd6 26. Kg1 Qe7 27. Bg2 Qh4 28. Qc2 f4 29. Bxe4 fxe3 30. Rxe3 Rxe4 31. Rxe4 Qxh3 32. f4 Qg4+ 33. Kh1 Rf6 34. Rd2 Qh3+ 35. Kg1 Bxf4 0-1

[Event "CFriend AP-2004-Q-00012 email"]
[Site "Chessfriend.com"]
[Date "2004.05.17"]
[Round "?"]
[White "Ohl, Klaus"]
[Black "O'Brien, Andrew"]
[Result "1-0"]
[WhiteElo "1800"]
[BlackElo "1870"]
[PlyCount "105"]
[EventDate "2004.??.??"]
[EventType "tourn (corr)"]
[EventRounds "12"]
[SourceTitle "Corr 2008"]
[Source "ChessBase"]
[SourceDate "2008.06.24"]
[SourceVersion "1"]
[SourceVersionDate "2008.06.24"]
[SourceQuality "1"]

1. Nf3 Nf6 2. c4 e6 3. Nc3 Nc6 4. e4 d5 5. e5 d4 6. exf6 dxc3 7. fxg7 Bxg7 8. dxc3 Qxd1+ 9. Kxd1 e5 10. Be3 Bg4 11. Be2 0-0-0+ 12. Kc2 e4 13. Ng1 Ne5 14. Bxg4+ Nxg4 15. Re1 Nxe3+ 16. fxe3 Rd7 17. Nh3 Bh6 18. g4 Rhd8 19. Re2 Rg8 20. Nf2 Re8 21. h4 f6 22. b3 c6 23. a4 a5 24. b4 b6 25. Rf1 Kc7 26. c5 Bf8 27. cxb6+ Kxb6 28. Kb3 Rb7 29. Rb2 Ka6 30. Kc4 Bd6 31. Rd2 Bg3 32. h5 Kb6 33. Nh3 Ra7 34. Rxf6 axb4 35. Rb2 Rxa4 36. Rxb4+ Rxb4+ 37. cxb4 Re5 38. Rf7 Be1 39. Rxh7 Rb5 40. Kd4 Rxb4+ 41. Ke5 Rb3 42. Ng5 Rxe3 43. Kf4 Ra3 44. Nxe4 c5 45. g5 c4 46. Rh8 c3 47. Rc8 Bd2+ 48. Nxd2 cxd2 49. Rd8 Ra4+ 50. Kf5 Ra2 51. Rxd2 Rxd2 52. g6 Rf2+ 53. Kg5 1-0